Les pupilles dans Naruto - Statistiques

Statistiques générales
  • Ce quiz a été pris 494 fois
  • Le résultat moyen est 4 sur 10
Statistiques - réponses
Hint Réponse % Correct
Uchiwa Sharingan
99%
Hyuga & Otsutsuki Byakugan
92%
Nagato, Hagoromo, Madara, Obito, Sasuke Rinnegan
90%
Boruto Jogan
38%
Kaguya, Madara, Jûbi Rinne Sharingan
29%
Toneri Tenseigan
28%
Chinoike Ketsuryugan
10%
Ada Senrigan
7%
Ranmaru Oeuil de Ranmaru
1%
Isshiki Oeuil d'Isshiki
1%
Aucun quiz correspondant
Distribution des résultats
% des personnes avec chaque résultat
Percentile par nombre de réponses
Votre historique - résultats
Vous n’avez pas pris ce quiz